000 00301nam a22001337a 4500
008 181017b xxu||||| |||| 00| 0 eng d
020 _a014005204691
041 _aeng
080 _a721
100 _a41
101 _aNDE
245 _aHome Repair New Complete Guide
_cBetter.H
942 _2udc
_cBK
999 _c49972
_d49972